| 000 | 01524nam0a2200337 i 4500 | ||
|---|---|---|---|
| 001 | RU\NLR\bibl\1978985 | ||
| 005 | 20240921164700.0 | ||
| 010 |
_a9785979510064 _9100 |
||
| 021 |
_aRU _b2012-91325 _96758 |
||
| 035 | _a(nilc)RuMoRGB-005574975 | ||
| 035 | _a(NLR Aleph) 001967711 | ||
| 090 |
_a3912664 _c3912664 |
||
| 100 | _a20121205d2012 u y0rusy50 ca | ||
| 101 | 0 | _arus | |
| 102 | _aRU | ||
| 105 | _aa ||||||||| | ||
| 200 | 1 |
_aНалоги и налогообложение _eучебное пособие _fИ.С. Большухина _gМ-во образования и науки Рос. Федерации, Федер. гос. бюджет. образоват. учреждение высш. проф. образования "Ульян. гос. техн. ун-т" |
|
| 210 |
_aУльяновск _cУлГТУ _d2012 |
||
| 215 |
_a136 с. _cил., табл. _d20 |
||
| 320 | _aБиблиогр.: с. 129 (17 назв.) | ||
| 606 | 1 |
_aНалоговое обложение _jУчебные издания для высших учебных заведений _yРоссийская Федерация _92081365 _3RU\NLR\auth\661257343 |
|
| 686 | _aУ26(2)141.3я73 | ||
| 700 | 1 |
_aБольшухина _bИ. С. _gИрина Сергеевна _4070 |
|
| 801 | 0 |
_aRU _bRuMoRKP _c20121205 _gRCR |
|
| 801 | 2 |
_aRU _bРГБ _c20121213 _grcr |
|
| 801 | 1 |
_aRU _bRuMoRKP _c20121205 _2rusmarc |
|
| 801 | 2 |
_aRU _bNLR _c20121212 _grcr |
|
| 830 | _aавт. раскрыт по кн. | ||
| 942 | _cBOOK | ||
| 980 | _aNBR | ||